特急「しなの」の停車駅 - Statistics

General Stats
  • This quiz has been taken 317 times
  • The average score is 13 of 15
Answer Stats
停車駅 % Correct
長野
100%
松本
98%
名古屋
97%
塩尻
95%
中津川
93%
多治見
90%
篠ノ井
89%
金山
86%
木曽福島
84%
南木曽
81%
千種
80%
恵那
77%
聖高原
66%
上松
64%
明科
61%
No matching quizzes found
Score Distribution
Percent of People with Each Score
Percentile by Number Answered
Your Score History
You have not taken this quiz